[Event "Kiel op-A 29th"]
[Site "Kiel"]
[Date "2016.07.30"]
[Round "1"]
[White "Schmieder, Kerstin"]
[Black "Moeller, Dustin"]
[Result "0-1"]
[WhiteElo "1654"]
[BlackElo "1985"]
[PlyCount "60"]
[EventDate "2016.07.30"]
[EventType "swiss"]
[EventRounds "9"]
[EventCountry "GER"]
[SourceTitle "CBM 173 Extra"]
[Source "ChessBase"]
[SourceDate "2016.08.29"]
[SourceVersion "1"]
[SourceVersionDate "2016.08.29"]
[SourceQuality "1"]

1. d4 Nf6 2. Nc3 d5 3. Bg5 e6 4. e4 Bb4 5. Bxf6 Qxf6 6. e5 Qe7 7. Bd3 c5 8. Bb5+ Nc6 9. Nf3 0-0 10. Bxc6 bxc6 11. 0-0 Ba6 12. Ne2 cxd4 13. Nfxd4 Qc7 14. c3 Be7 15. Nf3 f6 16. exf6 Rxf6 17. Re1 e5 18. Ng3 e4 19. Nd4 Qf4 20. Nxc6 Bd6 21. Qxd5+ Kh8 22. Qd4 Bd3 23. Qe3 Qxe3 24. Rxe3 Bxg3 25. Rxg3 Rxc6 26. Rd1 Rd6 27. c4 Ra6 28. c5 Rxa2 29. c6 Rc8 30. Rc1 Rxc6 0-1

[Event "Kiel op-B 28th"]
[Site "Kiel"]
[Date "2015.07.26"]
[Round "4"]
[White "Schmieder, Kerstin"]
[Black "Arndt, Magnus"]
[Result "0-1"]
[WhiteElo "1700"]
[BlackElo "1587"]
[PlyCount "80"]
[EventDate "2015.07.25"]
[EventType "swiss"]
[EventRounds "9"]
[EventCountry "GER"]
[SourceTitle "EXT 2017"]
[Source "ChessBase"]
[SourceDate "2016.10.25"]
[SourceVersion "1"]
[SourceVersionDate "2016.10.25"]
[SourceQuality "1"]

1. d4 Nf6 2. Nc3 d5 3. Bg5 e6 4. e4 dxe4 5. Bxf6 Qxf6 6. Nxe4 Qd8 7. Nf3 Nd7 8. Bb5 Be7 9. c3 a6 10. Ba4 b5 11. Bc2 Bb7 12. Qd3 c5 13. 0-0 cxd4 14. Nxd4 Nc5 15. Nxc5 Bxc5 16. Rad1 Bxd4 17. Qxd4 Qxd4 18. Rxd4 Ke7 19. Rfd1 Rad8 20. f3 g6 21. Kf2 Rxd4 22. Rxd4 Rd8 23. Ke3 Rxd4 24. cxd4 Kd6 25. Be4 Bd5 26. b3 a5 27. Bd3 a4 28. bxa4 bxa4 29. a3 Bc6 30. Bc4 f6 31. Kd3 g5 32. Kc3 f5 33. Bd3 h5 34. h3 h4 35. Bb1 g4 36. hxg4 fxg4 37. Be4 Bxe4 38. fxe4 h3 39. g3 h2 40. e5+ Kd5 0-1

[Event "Kiel op-B 27th"]
[Site "Kiel"]
[Date "2014.08.02"]
[Round "2"]
[White "Howe, Dietrich"]
[Black "Schmieder, Kerstin"]
[Result "0-1"]
[WhiteElo "1742"]
[BlackElo "1683"]
[PlyCount "114"]
[EventDate "2014.08.02"]
[EventType "swiss"]
[EventRounds "9"]
[EventCountry "GER"]
[SourceTitle "CBM 161 Extra"]
[Source "ChessBase"]
[SourceDate "2014.08.29"]
[SourceVersion "1"]
[SourceVersionDate "2014.08.29"]
[SourceQuality "1"]

1. Nf3 g6 2. c4 Bg7 3. Nc3 e5 4. d3 Nf6 5. g3 Nc6 6. Bg2 d6 7. 0-0 0-0 8. Rb1 Be6 9. b4 Rb8 10. b5 Ne7 11. a4 Qd7 12. Re1 Rfd8 13. Be3 b6 14. Bd2 Ne8 15. Ng5 Nf5 16. Nd5 Nf6 17. Nb4 Rf8 18. Nc6 Ra8 19. a5 h6 20. Nxe6 fxe6 21. axb6 axb6 22. Nb4 d5 23. Nc6 Nh7 24. Qb3 d4 25. Bb4 Nd6 26. e3 Ng5 27. exd4 exd4 28. Ne5 Bxe5 29. Rxe5 Nf3+ 30. Bxf3 Rxf3 31. Rbe1 Qf7 32. Qb2 Rxd3 33. Bxd6 cxd6 34. Rxe6 Rc3 35. Qb1 d3 36. Qd1 Rc2 37. f4 Qf5 38. Qf3 Rf8 39. Re8 Rxe8 40. Rxe8+ Kf7 41. Qa8 Qc5+ 42. Kh1 Rc1+ 43. Kg2 Rg1+ 44. Kf3 Rf1+ 45. Kg2 Rf2+ 46. Kh1 d5 47. Rh8 Re2 48. Qg8+ Kf6 49. Qd8+ Re7 50. Rf8+ Ke6 51. g4 d2 52. f5+ gxf5 53. gxf5+ Ke5 54. Qb8+ Ke4 55. Qg3 d1Q+ 56. Kg2 Qcg1+ 57. Kh3 Qh5+ 0-1